Mecánica de materiales
| Main Authors: | , |
|---|---|
| Format: | Section = Libro |
| Language: | Undetermined Spanish |
| Published: |
México
Iberoamérica
1986
|
| Edition: | 2a.ed. |
| Subjects: |
| LEADER | 00551nam a2200217Ia 4500 | ||
|---|---|---|---|
| 008 | 240829s9999 xx 000 0 und d | ||
| 020 | |a 968-7270-16-0 | ||
| 040 | |a BIBLIOTECA-RUSB/ 620.1123 G367 | ||
| 041 | |a spa | ||
| 082 | |a 620.1123 G367 | ||
| 100 | 1 | |a Gere, James M. | |
| 100 | 1 | |b Timoshenko, Stephen P. | |
| 245 | 1 | 0 | |a Mecánica de materiales |
| 250 | |a 2a.ed. | ||
| 260 | |a México |b Iberoamérica |c 1986 | ||
| 300 | |a 825 p. :il. | ||
| 650 | 7 | |a MECANICA DE MATERIALES | |
| 650 | 7 | |b RECIPIENTES | |
| 942 | |c BK |2 ddc | ||
| 991 | |a TEXTO | ||
| 999 | |c 2814 | ||